00943nam a2200193 u 450000100100000000500170001000800410002704000250006808200140009324501140010726000610022130000300028259000270031270000350033970000330037495201440040795201810055199900170073200002047920200930011122.0100809s1980 dr c r 000 0 spa d aDO-SdBNPbspacBNPHU axxxxbxxx00aParque Nacional del Este :bplan de manejo /cintroducción Merilio G. Morell ; fotografía Juan Alfonseca. aSanto Domingo :bDirección Nacional de Parques,c1980. a68 p. :bretrs. ;c20 cm. aInventariado, 2019/ YL12aMorell, Merilio Geint.92177312aAlfonseca, Juanefot.943161 0010718PDaPDbPDcHDd2019-07-19iLF1l0oxxxx xxxp20479-10r2020-06-25w2020-06-25yLFPDzDonación Familia Reyes DulucZNo se presta 0010718PDaPDbPDcHDd2019-07-30iLF1l0oxxxx xxxp20479-20r2020-06-25te. 2w2020-06-25yLFPDzPerteneció a la biblioteca personal de la Flia. Reyes DulucZNo se presta c19983d19983